[Event "South America-ch U20 Girls"]
[Site "Paramaribo"]
[Date "2016.11.23"]
[Round "3"]
[White "Adhin, Anviti"]
[Black "Tjong Tjin Joe, Kaithleen"]
[Result "1/2-1/2"]
[WhiteElo "1640"]
[BlackElo "1584"]
[PlyCount "66"]
[EventDate "2016.11.21"]
[EventType "tourn"]
[EventRounds "9"]
[EventCountry "SUR"]
[SourceTitle "EXT 2022"]
[Source "ChessBase"]
[SourceDate "2021.10.06"]
[SourceVersion "1"]
[SourceVersionDate "2021.10.06"]
[SourceQuality "1"]

1. c4 Nf6 2. g3 e5 3. Bg2 Nc6 4. Nc3 Bc5 5. e3 0-0 6. Nge2 d6 7. 0-0 a6 8. d4 Ba7 9. b3 Re8 10. d5 Ne7 11. Bb2 Bf5 12. Rc1 Qd7 13. e4 Bh3 14. Qc2 Ng6 15. Kh1 Bxg2+ 16. Kxg2 Qg4 17. Ng1 Nh4+ 18. Kh1 Nf3 19. Qe2 Nd4 20. Qxg4 Nxg4 21. Kg2 f5 22. h3 Nf6 23. Rfe1 Nd7 24. exf5 Nxf5 25. Nge2 Rf8 26. Ne4 Nc5 27. Nxc5 Bxc5 28. Nc3 Nh4+ 29. gxh4 Rxf2+ 30. Kh1 Rxb2 31. Na4 Rxa2 32. Nxc5 dxc5 33. Rxe5 g6 1/2-1/2

[Event "South America-ch U20 Girls"]
[Site "Paramaribo"]
[Date "2016.11.21"]
[Round "1"]
[White "Adhin, Anviti"]
[Black "Patino Garcia, Corals"]
[Result "0-1"]
[WhiteElo "1640"]
[BlackElo "1961"]
[PlyCount "116"]
[EventDate "2016.11.21"]
[EventType "tourn"]
[EventRounds "9"]
[EventCountry "SUR"]
[SourceTitle "EXT 2022"]
[Source "ChessBase"]
[SourceDate "2021.10.06"]
[SourceVersion "1"]
[SourceVersionDate "2021.10.06"]
[SourceQuality "1"]

1. c4 c6 2. g3 d5 3. cxd5 cxd5 4. d4 Nc6 5. Bg2 Nf6 6. Nf3 e6 7. 0-0 Bd6 8. Nc3 0-0 9. Bg5 h6 10. Bxf6 Qxf6 11. Rc1 Qe7 12. Na4 Rd8 13. Re1 Bd7 14. Nc5 Be8 15. Nb3 Rac8 16. e3 a5 17. a3 a4 18. Nc5 Na5 19. Nd3 Nb3 20. Rc2 Bb5 21. Bf1 Bc4 22. Nc1 b5 23. Bxc4 bxc4 24. Nxb3 axb3 25. Rc3 Bc7 26. Re2 Ba5 27. Rc1 Rb8 28. Nd2 Rdc8 29. Nb1 Qd6 30. Nc3 Qa6 31. Re1 Bd8 32. Re2 Be7 33. Ra1 Qa5 34. Qd2 Bb4 35. Rc1 Bxa3 36. bxa3 b2 37. Rb1 Rb3 38. Nd1 Qxa3 39. Rxb2 c3 40. Rxb3 Qxb3 41. Qc2 Qc4 42. Kg2 Qxe2 43. Qxe2 c2 44. Qd2 c1Q 45. Qxc1 Rxc1 46. Nb2 Rc3 47. Na4 Rc4 48. Nc5 e5 49. Nb3 Rb4 50. Nc5 exd4 51. exd4 Rxd4 52. Kf3 Rc4 53. Nd3 Rc3 54. Ke3 Kf8 55. Kd4 Rxd3+ 56. Kxd3 Ke7 57. Kd4 Ke6 58. g4 g5 0-1

[Event "Olympiad Women-42"]
[Site "Baku"]
[Date "2016.09.13"]
[Round "11.2"]
[White "Sanchez, Mariana"]
[Black "Adhin, Anviti"]
[Result "0-1"]
[WhiteElo "1813"]
[BlackElo "1616"]
[PlyCount "28"]
[EventDate "2016.09.02"]
[EventType "team-swiss"]
[EventRounds "11"]
[EventCountry "AZE"]
[SourceTitle "CBM 174 Extra"]
[Source "ChessBase"]
[SourceDate "2016.10.10"]
[SourceVersion "1"]
[SourceVersionDate "2016.10.10"]
[SourceQuality "1"]
[WhiteTeam "Netherlands Antilles (W)"]
[BlackTeam "Surinam (W)"]
[WhiteTeamCountry "AHO"]
[BlackTeamCountry "SUR"]

1. e4 c6 2. Bc4 d5 3. exd5 cxd5 4. Bb5+ Nc6 5. Nf3 Nf6 6. d4 Bf5 7. Bg5 e6 8. Ne5 Rc8 9. c4 Bb4+ 10. Nc3 0-0 11. Qa4 Nxd4 12. 0-0 Bxc3 13. Nd7 Nxb5 14. Qxb5 Qxd7 0-1

[Event "Olympiad Women-41"]
[Site "Tromsoe"]
[Date "2014.08.04"]
[Round "3.4"]
[White "Berhe, Azeb Asmelash"]
[Black "Adhin, Anviti"]
[Result "1-0"]
[WhiteElo "1464"]
[BlackElo "1622"]
[PlyCount "81"]
[EventDate "2014.08.02"]
[EventType "team-swiss"]
[EventRounds "11"]
[EventCountry "NOR"]
[SourceTitle "CBM 162"]
[Source "ChessBase"]
[SourceDate "2014.09.17"]
[SourceVersion "1"]
[SourceVersionDate "2014.09.17"]
[SourceQuality "1"]
[WhiteTeam "Ethiopia (W)"]
[BlackTeam "Surinam (W)"]
[WhiteTeamCountry "ETH"]
[BlackTeamCountry "SUR"]

1. e4 c6 2. Nf3 d5 3. exd5 cxd5 4. d4 Nf6 5. Bd3 Nc6 6. c3 Bg4 7. Bf4 e6 8. Nbd2 Bd6 9. Bxd6 Qxd6 10. Qa4 0-0 11. 0-0 a6 12. Rfe1 b5 13. Qc2 Rfc8 14. Ne5 Nb4 15. Qc1 Nxd3 16. Nxd3 Bf5 17. Nc5 Nd7 18. Nxd7 Qxd7 19. Nb3 Qd6 20. Nc5 Rab8 21. b4 Re8 22. f4 Ra8 23. Qe3 Rec8 24. h3 Ra7 25. g4 Be4 26. Qg3 Bg6 27. Re3 h6 28. Rae1 a5 29. a3 axb4 30. cxb4 Rca8 31. Ra1 Qd8 32. Re5 Qd6 33. f5 exf5 34. Re8+ Rxe8 35. Qxd6 Rae7 36. Qxd5 fxg4 37. hxg4 Re2 38. Qc6 R8e3 39. Qxb5 Rg3+ 40. Kf1 Rgg2 41. Qxe2 1-0

[Event "SUR-ch"]
[Site "Paramaribo"]
[Date "2014.02.23"]
[Round "4"]
[White "Adhin, Anviti"]
[Black "Kromosoeto, Immanuel"]
[Result "0-1"]
[WhiteElo "1553"]
[BlackElo "1803"]
[PlyCount "138"]
[EventDate "2014.02.16"]
[EventType "tourn"]
[EventRounds "13"]
[EventCountry "SUR"]
[SourceTitle "EXT 2018"]
[Source "ChessBase"]
[SourceDate "2017.10.13"]
[SourceVersion "1"]
[SourceVersionDate "2017.10.13"]
[SourceQuality "1"]

1. c4 b6 2. d4 Bb7 3. Nc3 g6 4. Bf4 Bg7 5. Qd2 d6 6. Nf3 Nd7 7. e4 e5 8. Bg5 Ne7 9. d5 f6 10. Bh6 0-0 11. Bxg7 Kxg7 12. h4 h6 13. g4 Rh8 14. 0-0-0 a6 15. Be2 Rh7 16. g5 Qh8 17. Qe1 Rf8 18. Qg1 Rf7 19. Qg2 Nf8 20. Rdg1 Bc8 21. Bd3 Nd7 22. Nd1 Kf8 23. Ne3 Nc5 24. Bc2 Bd7 25. b4 Nb7 26. Bd3 a5 27. a3 Qg7 28. Ng4 Bxg4 29. Qxg4 f5 30. exf5 gxf5 31. Qg2 e4 32. g6 exf3 33. Qg3 Qc3+ 34. Bc2 Rhg7 35. h5 Qxa3+ 36. Kd1 axb4 37. Qh4 Qa1+ 38. Kd2 Qc3+ 39. Kd1 b3 40. Bb1 Qa1 41. Kd2 Qb2+ 42. Ke3 Qc3+ 43. Bd3 f4+ 44. Ke4 Nc5+ 45. Kxf3 Qxd3+ 46. Kg2 Qxc4 47. Ra1 f3+ 48. Kg1 Qxh4 49. Ra8+ Nc8 50. Rxc8+ Ke7 51. Rxh4 Kd7 52. Rh8 Re7 53. Rxh6 Ne4 54. Rf4 b2 55. Rf8 b1Q+ 56. Kh2 Qf1 57. Rxf3 Nxf2 58. Rh8 Rxg6 59. hxg6 Qh1+ 60. Kg3 Qxh8 61. Kxf2 Qd4+ 62. Kf1 Qxd5 63. Rg3 Qd1+ 64. Kg2 Qd2+ 65. Kh3 Qh6+ 66. Kg2 Rg7 67. Kf2 Rxg6 68. Rf3 Qd2+ 69. Kf1 Qg2+ 0-1